000 00678 a2200229 4500
003 Nust
005 20221212131200.0
010 _a 00036069
020 _a0071360379 (set)
020 _a0071363033 (book)
020 _a0071378618 (electronic bk.)
040 _cNust
082 0 0 _a621.38202,CLA
100 1 _aClayton, Jade.
_9104659
245 1 0 _aMcGraw-Hill illustrated telecom dictionary / (Include CD)
_cJade Clayton.
250 _a2nd ed.
260 _aNew York :
_bMcGraw-Hill,
_cc2000.
300 _axiii, 750 p. :
_bill. 23 cm. +
_e1 computer laser optical disc (4 3/4 in.)
650 0 _aTelecommunication
651 _a(Include CD)
_98953
942 _cREF
_2ddc
999 _c175739
_d175739